000 00492nam a2200169Ia 4500
003 OSt
005 20251210110752.0
008 250729s1993 xx 000 0 und d
040 _cAL
041 _akan
082 _a894.51 RAMV
245 _aವಚನ ಸಾಹಿತ್ಯದಲ್ಲಿ ಕೆಳವರ್ಗದ ಆಶಯ ಮತ್ತು ಅಭಿವ್ಯಕ್ತಿ
260 _aಬೆಂಗಳೂರು
_c1993
300 _a142p
650 _aKannada
_9226570
942 _2ddc
_cBED
999 _c237344
_d237344